Reč rýb

Bibliographic Details
Main Author: Čaklais, Māris, 1940-2003 (Author)
Format: Article
Language:Slovak

MARC

LEADER 00000nab a2200000uu 4500
001 vtls011445436
003 SK-MaSNL
005 20260303164641.0
008 230313|1971 xo |||||||||||||||||slo|
015 |a SNBRB 
035 |a (urnnbn)urn:nbn:sk:snk:ar-003x2m 
035 |a (uuid)7c9d9a7d-f94d-4ee0-ae2a-a72bf22b7864 
035 |a urn:nbn:sk:snk-abcirn 
040 |a SNKBUCL  |b slo  |c SNKBUCL  |e AACR2 
041 0 |a slo 
044 |a xo  |c SK 
100 1 |a Čaklais, Māris,  |d 1940-2003  |4 aut  |9 522494 
245 1 0 |a Reč rýb  |c Maris Čaklajs 
773 0 |t Revue svetovej literatúry  |g Roč. 7, č. 5 (1971), s. 45 
958 |a OND 
958 |a EUIPO 
958 |a article16 
999 |c 2066844  |d 2068774